<?xml version="1.0" encoding="UTF-8"?>
<record
    xmlns:xsi="http://www.w3.org/2001/XMLSchema-instance"
    xsi:schemaLocation="http://www.loc.gov/MARC21/slim http://www.loc.gov/standards/marcxml/schema/MARC21slim.xsd"
    xmlns="http://www.loc.gov/MARC21/slim">

  <leader>01153camaa22003257a 4500</leader>
  <controlfield tag="001">20854</controlfield>
  <controlfield tag="003">SpMaBN</controlfield>
  <controlfield tag="005">20260701170006.0</controlfield>
  <controlfield tag="008">900725s1966    sp              1  dspa||</controlfield>
  <datafield tag="035" ind1=" " ind2=" ">
    <subfield code="a">(OCoLC)431989853</subfield>
  </datafield>
  <datafield tag="040" ind1=" " ind2=" ">
    <subfield code="a">SpMaBN</subfield>
    <subfield code="d">AR-RoBPED</subfield>
  </datafield>
  <datafield tag="041" ind1=" " ind2=" ">
    <subfield code="a">spa</subfield>
    <subfield code="h">fre</subfield>
  </datafield>
  <datafield tag="100" ind1="1" ind2=" ">
    <subfield code="a">Clot, Ren&#xE9; Jean</subfield>
    <subfield code="d">1913-1997</subfield>
    <subfield code="9">20902</subfield>
  </datafield>
  <datafield tag="245" ind1="1" ind2="3">
    <subfield code="a">La educaci&#xF3;n art&#xED;stica / </subfield>
    <subfield code="c">Ren&#xE9;-Jean Clot ; pr&#xF3;logo de Jean Wahl ; traducci&#xF3;n de M. B. de Brachfeld</subfield>
  </datafield>
  <datafield tag="250" ind1=" " ind2=" ">
    <subfield code="a">3a ed.</subfield>
  </datafield>
  <datafield tag="260" ind1=" " ind2=" ">
    <subfield code="a">Barcelona : </subfield>
    <subfield code="b">Luis Miracle, </subfield>
    <subfield code="c">1966.</subfield>
  </datafield>
  <datafield tag="300" ind1=" " ind2=" ">
    <subfield code="a">124 p.</subfield>
  </datafield>
  <datafield tag="490" ind1="0" ind2=" ">
    <subfield code="a">Paideia ; </subfield>
    <subfield code="v">24</subfield>
  </datafield>
  <datafield tag="500" ind1=" " ind2=" ">
    <subfield code="a">T&#xED;tulo original en franc&#xE9;s: L'education artistique.</subfield>
  </datafield>
  <datafield tag="650" ind1=" " ind2="4">
    <subfield code="a">EDUCACION PLASTICA</subfield>
    <subfield code="9">369</subfield>
  </datafield>
  <datafield tag="650" ind1=" " ind2="4">
    <subfield code="a">DIBUJO</subfield>
    <subfield code="9">1196</subfield>
  </datafield>
  <datafield tag="650" ind1=" " ind2="4">
    <subfield code="a">ENSE&#xD1;ANZA DE LA EDUCACION ARTISTICA</subfield>
    <subfield code="9">976</subfield>
  </datafield>
  <datafield tag="700" ind1="1" ind2=" ">
    <subfield code="a">Wahl, Jean Andr&#xE9; </subfield>
    <subfield code="d">1888-1974</subfield>
    <subfield code="e">prol.</subfield>
    <subfield code="9">31094</subfield>
  </datafield>
  <datafield tag="700" ind1="1" ind2=" ">
    <subfield code="a">Brachfeld, Mar&#xED;a Bages de</subfield>
    <subfield code="d">1908-1967</subfield>
    <subfield code="e">trad.</subfield>
    <subfield code="9">31095</subfield>
  </datafield>
  <datafield tag="942" ind1=" " ind2=" ">
    <subfield code="2">udc</subfield>
    <subfield code="c">BK</subfield>
    <subfield code="k">A</subfield>
    <subfield code="h">37.036</subfield>
    <subfield code="m">C 63</subfield>
    <subfield code="a">k. 20854</subfield>
    <subfield code="p">Inv. 36524</subfield>
  </datafield>
  <datafield tag="952" ind1=" " ind2=" ">
    <subfield code="0">0</subfield>
    <subfield code="1">0</subfield>
    <subfield code="2">udc</subfield>
    <subfield code="4">0</subfield>
    <subfield code="7">1</subfield>
    <subfield code="a">BPED</subfield>
    <subfield code="b">BPED</subfield>
    <subfield code="d">2017-04-28</subfield>
    <subfield code="e">Donaci&#xF3;n</subfield>
    <subfield code="l">0</subfield>
    <subfield code="o">A 37.036 C 63</subfield>
    <subfield code="p">36524</subfield>
    <subfield code="r">2017-05-08 00:00:00</subfield>
    <subfield code="w">2017-05-08</subfield>
    <subfield code="y">BK</subfield>
    <subfield code="z">No se presta a domicilio</subfield>
    <subfield code="x">ar 08/05/2017 - sb 09/05/2017</subfield>
  </datafield>
  <datafield tag="956" ind1=" " ind2=" ">
    <subfield code="a">1 2</subfield>
  </datafield>
  <datafield tag="980" ind1=" " ind2=" ">
    <subfield code="a">M-BN</subfield>
    <subfield code="b">BNMADRID</subfield>
    <subfield code="j">4/137741</subfield>
    <subfield code="c">SG_RECOLET</subfield>
  </datafield>
  <datafield tag="980" ind1=" " ind2=" ">
    <subfield code="a">M-BN</subfield>
    <subfield code="b">BNALCALA</subfield>
    <subfield code="j">DL/67069</subfield>
    <subfield code="c">CONSERVACI</subfield>
  </datafield>
  <datafield tag="999" ind1=" " ind2=" ">
    <subfield code="c">20854</subfield>
    <subfield code="d">20854</subfield>
  </datafield>
</record>
